Szczegóły MARC21

Podstawy metodyczne analizy i oceny działalności gospodarczej przedsiębiorstw /

005 -DATA I CZAS OSTATNIEJ MODYFIKACJI [,]
    • @
    • pole kontrolne
    • 20120410111629.0
020 -Międzynarod. znormalizowany nr książki - ISBN [ , ]
    • a
    • Numer ISBN
    • 8372411182 Find
040 -Instytucja sporządzająca opis [ , ]
    • a
    • Instytucja, która sporządziła opis (NP)
    • SZCZ U
    • c
    • Instytucja, która sporządziła rekord (NP)
    • SZCZ U
    • d
    • Instytucja, która zmodyfikowała rekord (P)
    • SZCZ U/JŚ
041 -Język dokumentu [0, ]
    • a
    • Język tekstu (P)
    • polski
044 -Kraj miejsca wydania [ , ]
    • a
    • Kraj miejsca wydania
    • Polska
942 -Rodzaj dokumentu [ , ]
    • c
    • Rodzaj dokumentu
    • Książka
100 -Hasło główne - nazwa osobowa [1, ]
    • a
    • Nazwa osobowa (NP)
    • Engelhardt, Juliusz.
    • 9
    • KHW
    • 10793
245 -Strefa tytułu i oznaczenia odpowiedzialności [1,0]
    • a
    • Tytuł
    • Podstawy metodyczne analizy i oceny działalności gospodarczej przedsiębiorstw / Find
    • c
    • Pozostałe elementy strefy tytułu i oznaczenia odpowiedzialności (NP)
    • Juliusz Engelhardt ; Uniwersytet Szczeciński. Katedra Ekonomiki Przedsiębiorstwa.
260 -Strefa adresu wydawniczego [ , ]
    • a
    • Miejsce wydania (P)
    • Szczecin :
    • b
    • Nazwa wydawcy (P)
    • Fundacja na rzecz Uniwersytetu Szczecińskiego,
    • c
    • Data wydania (P)
    • 2000.
300 -Strefa opisu fizycznego [ , ]
    • a
    • Określenie formy książki i/lub objętość (NP)
    • 48 s. :
    • b
    • Oznaczenie ilustracji (NP)
    • il. ;
    • c
    • Format (NP)
    • 24 cm.
080 -Uniwersalna Klasyfikacja Dziesiętna [ , ]
    • a
    • Symbol klasyfikacji
    • 658.1/.5
    • 2
    • Identyfikator wydania tablic
    • UDC-P058
    • 9
    • UKD
    • 5601
    • b
    • Dopowiedzenie
    • Organizacja przedsiębiorstwa.
980 -Symbol UKD [ , ]
    • a
    • UKD
    • 658.1/.5
920 -ISBN [ , ]
    • a
    • ISBN
    • 83-7241-118-2 Find
Lokalizacja Data inwentaryzacji Status udost. Numer inwentarzowy Sygnatura
BG2003-05-13-15Z.99801Z.99801
T2002-03-05-3T.6528 
T2004-05-14-2T.7929 T.7929
T2008-03-03-2TM.5297 
T2010-05-19-3TM.7179 
T2014-05-30-3TM.11052 
T2014-05-30-3TM.11053 
T2014-05-30-3TM.11054 
T2014-05-30-3TM.11055 
T2014-05-30-3TM.11056 
T2014-05-30-3TM.11057 
T2014-05-30-3TM.11058 
T2014-05-30-3TM.11059 
T2014-05-30-3TM.11060 
T2014-05-30-3TM.11061 
T2014-05-30-3TM.11062 
T2014-05-30-3TM.11063 
T2014-05-30-3TM.11064 
T2014-05-30-3TM.11065 
T2014-05-30-3TM.11066 
T2014-05-30-3TM.11067 
T2014-05-30-3TM.11068 
T2014-05-30-3TM.11069 
T2014-05-30-3TM.11070 
T2014-05-30-3TM.11071 
T2014-05-30-3TM.11072 
T2014-05-30-3TM.11073 
T2014-05-30-3TM.11074 
T2014-05-30-3TM.11075 
T2014-05-30-3TM.11076 
T2014-05-30-3TM.11077 
T2014-05-30-3TM.11078 
T2014-05-30-3TM.11079 
T2014-05-30-3TM.11080 
T2014-05-30-3TM.11081 
T2014-06-04-3TM.11293